00497nam a2200169 a 4500008004100000020001500041050001500056100001800071245007400089246002500163260004200188300001400230350000900244490003400253650002800287650001200315070215s2005 ||||||||||||||||| || u a0195672232 aQK 728 Mol aBowler, Chris10aMolecular plant biology, vol. 1 and 2cedited by Gilmartin, Philip M. aa practical approach aOxfordbOxford University Pressc2005 a2 Volumes a0.00 aThe Practical approach series aPLANT MOLECULAR BIOLOGY 0aBIOLOGY